000 00547nam a22002177a 4500
003 UA-OsUOA
001 136432
007 ta
008 20190325b un ||||| |||| 00| 0 ukr d
100 _aЛавренюк В.
090 _a82
_bЛ13
942 _cSA
040 _aUA-OsUOA
_bukr
_cUA-OsUOA
_dUA-OsUOA
245 _aТарас Шевченко і сучаснсть
300 _aС.25-31
955 _a0
041 _aukr
080 _a82
773 0 _w136430
650 7 _a82 Література. Літературознавство
_2UDC
999 _c409342
_d409342